| 000 | 00406nam a22001697a 4500 | ||
|---|---|---|---|
| 003 | CEME | ||
| 005 | 20210628205127.0 | ||
| 008 | 210204b xxu||||| |||| 00| 0 eng d | ||
| 040 | _c. | ||
| 082 | _a512.55 ADA | ||
| 100 |
_aAdams, J.Frank _974080 |
||
| 245 | _aLectures on lie groups | ||
| 260 |
_aNEW YORK _bW.A. BENJAMIN _c1969 |
||
| 300 | _aIX,182P | ||
| 650 |
_aLIE GROUPS _910466 |
||
| 942 |
_cBK _2ddc |
||
| 999 |
_c579656 _d579656 |
||